| 000 | 01725nam a22002897a 4500 | ||
|---|---|---|---|
| 005 | 20081006144546.0 | ||
| 008 | 081006t xxu||||| |||| 00| 0 hin d | ||
| 010 | _aHIN-84297-98 | ||
| 020 |
_a9788181437495 _c1600.00 (दो खंडो का) |
||
| 020 |
_a9788181437501 _c1600.00 (दो खंडो में) |
||
| 035 | _aHN-56643-44 | ||
| 037 | _bDBAD / PUB | ||
| 040 |
_aDPL _bHN |
||
| 082 | _a079.5403 | ||
| 100 | _aविजयदत्त श्रीधर | ||
| 245 |
_aभारतीय पत्रकारिता कोशः (1780-1900) / _cविजयदत्त श्रीधर |
||
| 246 |
_aBhartiya Patrakarita Kosh: (1780-1900 ) _bby Vijaydutt Shridhar |
||
| 260 |
_aनई दिल्ली _bवाणी प्रकाशन _c2008 |
||
| 270 |
_a21-ए, दरियागंज _bनई दिल्ली _e110002 _k011 23273167, 23275710, 41562622 _l011 23275710 _mvaniprakashan@gmail.com |
||
| 300 |
_a2भाग, 485-1070पृ _c25सेमी (सजिल्द) |
||
| 500 | _a2 भागों में प्रकाशित | ||
| 650 |
_aपत्रकारिता _xविश्वकोश एवं शब्दकोश _zभारत |
||
| 650 |
_aJournalism _xEncyclopedia and dictionaries _zIndia |
||
| 942 |
_2ddc _cHN _mविजय _h079.5403 |
||
| 999 |
_c16274 _d16274 |
||